000
00283nam a22001337a 4500
003
SGT
020
_a
9780074516102
082
_b
BAJ
100
_a
BAJAJ N.K
245
_a
THE PHYSICS OF WAVES AND OSCILLATIONS
260
_b
MC GRAW HILL
_c
2018
300
_a
432
942
_2
ddc
_c
BK
999
_c
16431
_d
16431